02124nam a2200349 a 4500001001300000003000900013005001700022008004100039020001800080040002800098043001200126045000900138082002300147110010700170240003800277245012300315260006500438300002800503504005900531650010100590650007100691650009100762650008200853942001200935999001700947952012200964952014501086952014501231952013001376952013001506952013801636C01469679c-6CO-ViMGA20230915234537.0150617s2014 ck gr 000 0 spa d a9789585870536 aCO-ViMGAbspacCO-ViMGA as-ck--- ax9y104a304.80986 bC65h1 2 aComisión Nacional de Reparación y Reconciliación (Colombia). Grupo de Memoria Histórica.9940310aAntioquia-Bibliografía regional13aLa huella invisible de la guerra : bdesplazamiento forzado en la Comuna 13, resumen / cGrupo de Memoria Histórica. aBogotá : bCentro Nacional de Memoria Histórica, c2014. a87 páginas ; c23 cm. aIncluye referencias bibliográficas (páginas 71-87)14aDesplazados por la violenciaz Comuna 13 (Medellín, Colombia)y 1996-2010v Resúmenes.9940414aDesplazamiento forzadoz Colombiay 1996-2010v Resúmenes.9940714aProblemas socialesz Comuna 13 (Medellín, Colombia)y 1996-2010v Resúmenes.9940614aViolenciaz Comuna 13 (Medellín, Colombia)y 1996-2010v Resúmenes.99405 2ddccBK c37941d37941 00102ddc40708003aMEVIECARbMEVIECARd2017-05-18l0o304.80986 C65h1p032099r2017-05-18 00:00:00w2017-05-18yBK 001040708001aMEVIGERRbMEVIGERRcGENd2019-10-03o303.60986126 C25hupECA27595r2024-11-26 09:50:43tEj.2w2024-11-26yBKz19577 | 25023 001040708001aMEVIGERRbMEVIGERRcGENd2017-06-27o303.60986126 C25hupECA25638r2024-11-26 09:50:43tEj.1w2024-11-26yBKz19577 | 25022 00102ddc40708GENaMEACACIAbMEACACIAcGENd2025-01-08l0o303.62 C65pACA02230r2025-01-08 14:50:21tEj.1w2025-01-08yBK 00102ddc40708GENaMEACACIAbMEACACIAcGENd2025-01-08l0o303.62 C65pACA02231r2025-01-08 14:50:21tEj.2w2025-01-08yBK 00102ddc40708GENaMEPCONCObMEPCONCOcGENd2026-01-20l0o304.80986 C65h1 pPCON00200r2026-01-20 16:35:15tEj.1w2026-01-20yBK